000
00351nam a2200157Ia 4500
008
230524s9999 xx 000 0 und d
020
_a
8123913281
082
_a
624.152
245
0
_a
Earth Manual
250
_a
1
260
_a
New Delhi
_b
CBS
_c
1990
300
_a
"xxxvii,791p;"
500
_a
Quantity Number: 2
650
_a
Civil
942
_c
BK
999
_c
55323
_d
55323